LEADER 01249oam 2200373Ka 450 001 9910695516703321 005 20070228113538.0 035 $a(CKB)5470000002371607 035 $a(OCoLC)52053053 035 $a(EXLCZ)995470000002371607 100 $a20030414d2002 ua 0 101 0 $aeng 181 $ctxt$2rdacontent 182 $cc$2rdamedia 183 $acr$2rdacarrier 200 00$aDialing up to the Internet$b[electronic resource] $ehow to stay safe online 210 1$a[Washington, D.C.] :$cFederal Trade Commission, Bureau of Consumer Protection, Office of Consumer and Business Education,$d[2002] 225 1 $aFTC consumer alert 300 $aTitle from title screen (viewed Apr. 13, 2003). 517 $aDialing up to the Internet 606 $aComputer viruses 606 $aHackers 606 $aMicrocomputers$xSecurity measures 615 0$aComputer viruses. 615 0$aHackers. 615 0$aMicrocomputers$xSecurity measures. 712 02$aUnited States.$bFederal Trade Commission.$bOffice of Consumer and Business Education. 801 0$bGPO 801 1$bGPO 801 2$bOCLCQ 906 $aBOOK 912 $a9910695516703321 996 $aDialing up to the Internet$93508576 997 $aUNINA